Statistiques concernant La 2e génération pokémon en français

Cliquez ici pour prendre le quiz!

Statistiques générales

  • Ce quiz a été pris 7 fois
  • Le résultat moyen est 76 sur 100

Statistiques - réponses

Numéro Nom % Correct
152Germignon
100%
208Steelix
100%
242Leuphorie
100%
176Togetic
100%
175Togepi
100%
173Mélo
100%
174Toudoudou
100%
243Raikou
100%
244Entei
100%
249Lugia
100%
250Ho-Oh
100%
251Celebi
100%
248Tyranocif
100%
247Ymphect
100%
245Suicune
100%
246Embrylex
100%
172Pichu
100%
201Zarbi
100%
159Crocrodil
100%
158Kaiminus
100%
157Typhlosion
100%
160Aligatueur
100%
161Fouinette
100%
164Noarfang
100%
163Hoothoot
100%
156Feurisson
100%
162Fouinar
100%
155Héricendre
100%
153Macronium
100%
154Méganium
100%
197Noctali
83%
196Mentali
83%
221Cochignon
83%
212Cizayox
83%
232Donphan
83%
230Hyporoi
83%
228Malosse
83%
204Pomdepik
83%
220Marcacrin
83%
229Démolosse
83%
239Elekid
83%
177Natu
83%
178Xatu
83%
181Pharamp
83%
180Lainergie
83%
167Mimigal
83%
168Migalos
83%
240Magby
83%
205Fortress
83%
241Ecremeuh
83%
169Nostenfer
83%
179Wattouat
83%
224Octillery
67%
217Ursaring
67%
223Rémoraid
67%
238Lippouti
67%
237Kapoera
67%
216Teddiursa
67%
236Debugant
67%
235Queulorior
67%
227Airmure
67%
231Phanpy
67%
226Démanta
67%
210Granbull
67%
188Floravol
67%
206Insolourdo
67%
187Granivol
67%
189Cotovol
67%
200Feuforêve
67%
215Farfuret
67%
198Cornèbre
67%
190Capumain
67%
193Yanma
67%
186Tarpaud
67%
209Snubbull
67%
183Marill
67%
182Joliflor
67%
184Azumarill
67%
185Simularbre
67%
191Tournegrain
50%
192Héliatronc
50%
166Coxyclaque
50%
165Coxy
50%
171Lanturn
50%
233Porygon2
50%
211Qwilfish
50%
222Corayon
50%
213Caratroc
50%
219Volcaropod
50%
214Scarhino
50%
218Limagma
50%
170Loupio
50%
225Cadoizo
50%
199Roigada
50%
194Axoloto
50%
195Maraiste
50%
207Scorplane
50%
234Cerfrousse
50%
202Qulbutoké
33%
203Girafarig
17%

Distribution des résultats

Percentile by Number Answered

% des personnes avec chaque résultat

Votre développement - résultats

Vous n’avez pas pris ce quiz